<?xml version="1.0" encoding="UTF-8"?>
<collection xmlns="http://www.loc.gov/MARC21/slim">
 <record>
  <leader>00748cam a2200229 7i4500</leader>
  <controlfield tag="001">0000000951</controlfield>
  <controlfield tag="005">20150325090000.0</controlfield>
  <controlfield tag="003">  iicp-my</controlfield>
  <controlfield tag="005">  20021204212500.0</controlfield>
  <controlfield tag="008">00000010s1991    enka     b  0000110 eng</controlfield>
  <datafield tag="020" ind1=" " ind2=" ">
   <subfield code="a">0861877519 (pbk.) </subfield>
  </datafield>
  <datafield tag="035" ind1=" " ind2=" ">
   <subfield code="a">91204398</subfield>
  </datafield>
  <datafield tag="039" ind1=" " ind2="9">
   <subfield code="y">200212042125</subfield>
   <subfield code="z">VLOAD</subfield>
  </datafield>
  <datafield tag="043" ind1=" " ind2=" ">
   <subfield code="a">n-us---</subfield>
  </datafield>
  <datafield tag="100" ind1="1" ind2="0">
   <subfield code="a">Tomlinson, John, </subfield>
   <subfield code="d">1949- </subfield>
  </datafield>
  <datafield tag="245" ind1="0" ind2="0">
   <subfield code="a">Cultural imperialism : </subfield>
   <subfield code="b">a critical introduction  </subfield>
   <subfield code="c">John Tomlinson..</subfield>
  </datafield>
  <datafield tag="260" ind1="0" ind2=" ">
   <subfield code="a">London: </subfield>
   <subfield code="b">Pinter Publishers, </subfield>
   <subfield code="c">1991..</subfield>
  </datafield>
  <datafield tag="300" ind1=" " ind2=" ">
   <subfield code="a">ix, 187 p.: </subfield>
   <subfield code="b">ill.; </subfield>
   <subfield code="c">24 cm..</subfield>
  </datafield>
  <datafield tag="504" ind1=" " ind2=" ">
   <subfield code="a">Includes bibliographical references and index.</subfield>
  </datafield>
  <datafield tag="650" ind1=" " ind2="0">
   <subfield code="a">Politics and culture. </subfield>
  </datafield>
  <datafield tag="651" ind1=" " ind2="0">
   <subfield code="a">United States -- </subfield>
   <subfield code="x">Relations -- </subfield>
   <subfield code="z">Foreign countries. </subfield>
  </datafield>
  <datafield tag="999" ind1=" " ind2=" ">
   <subfield code="a">1000000616</subfield>
   <subfield code="b">Book</subfield>
   <subfield code="c">Open Shelf</subfield>
  </datafield>
 </record>
</collection>
